MARC

LEADER 00000nam a2200000 a 4500
005 20111115141919.0
007 cr|||| ||||
008 110131s2011 spc 000 0 spa c
017 |a DL SE. 167-2011 
020 |a 9788476989555  
035 |a 5999 
040 |d vLex 
080 |a 343.537(460) 
090 |c 2769  |d 2769 
245 0 3 |a La Prueba electrn̤ica   |h [Recurso electrn̤ico] /  |c Xavier Abel Lluch, Joan Pic ̤i Junoy (directores) ; Nr︢ia Ginš Castellet (coordinadora) ; Ramon Arbs̤ i Llobet ... [et al.] 
256 |a Servicio en ln̕ea 
260 |a Barcelona :  |b Bosch,  |c 2011 
300 |a 1 recurso electrn̤ico 
500 |a La presente obra sobre la prueba electrn̤ica es el quinto de los tt̕ulos de la Coleccin̤ de Formacin̤ Continua de la Facultad de Derecho ESADE, serie “Estudios Prc̀ticos sobre los medios de prueba”, que tiene por objeto analizar cuestiones controvertidas sobre los distintos medios probatorios en el proceso civil a partir de la prc̀tica de los Juzgados y Tribunales. 
504 |a Bibliografa̕: p.[230]-240 
506 1 |a Contenido solo disponible en los productos indicados  |d vLex Global  |d vLex Global (Academic Edition, excluding Law Schools)  |d vLex Global (U.S. Academic Edition, Law Schools)  |d vLex Global (U.S. Academic Edition, excluding Law Schools)  |d vLex Global (Academic Edition, Law Schools) 
650 0 4 |a Prueba (Derecho)  |z Espaą 
650 0 4 |a Derecho  |x Innovaciones tecnolg̤icas  |z Espaą 
700 1 |a Abel Lluch, Xavier 
700 1 |a Pic ̤i Junoy, Joan 
700 1 |a Ginš Castellet, Nuria 
700 1 |a Arbs̤ i Llobet, Ramon 
740 0 |a vLex Libros (Servicio en ln̕ea) 
830 0 |a Coleccin̤ de Formacin̤ continua.  |p Facultad de Derecho ESADE.  |p Estudios prc̀ticos sobre los medios de prueba ;  |v 5 
856 4 0 |u http://vlex.com/source/prueba-electronica-5999  |z Acceso restringido 
942 |c BOOK